000 00519cam a2200193 i 4500
005 20260402093701.0
008 250721s1977 xxk gr 000 0 eng d
020 _a0704321491
082 1 4 _a956.66
_b M O O
100 1 _aMoorehead, John
_eAuthor.
245 1 0 _aIn Defiance of the elements /
_cJohn Moorehead.
250 _afirst edition.
264 3 1 _aLondon :
_bQuartet Books,
_c1977.
300 _a159p : ill.
650 1 7 _aQatar.
650 1 7 _aHistory.
942 _2ddc
_cBK
999 _c45675
_d45675